[Event "Montevideo Glausura op"]
[Site "Montevideo"]
[Date "2019.11.11"]
[Round "3"]
[White "Kiel, Horacio"]
[Black "Pelaez, Diego"]
[Result "1/2-1/2"]
[WhiteElo "1608"]
[BlackElo "1610"]
[PlyCount "128"]
[EventDate "2019.11.04"]
[EventType "swiss"]
[EventRounds "6"]
[EventCountry "URU"]
[SourceTitle "CBM 193 Extra"]
[Source "ChessBase"]
[SourceDate "2020.01.31"]
[SourceVersion "1"]
[SourceVersionDate "2020.01.31"]
[SourceQuality "1"]

1. d4 Nf6 2. Nf3 d5 3. Bf4 e6 4. e3 Be7 5. h3 Bd6 6. Ne5 0-0 7. Bd3 c5 8. c3 Nc6 9. 0-0 c4 10. Bc2 Qc7 11. Nxc6 Bxf4 12. exf4 bxc6 13. Qf3 c5 14. dxc5 Qxc5 15. Qe3 Qd6 16. Nd2 Re8 17. Qe5 Qc6 18. g4 Bb7 19. f3 Rad8 20. Qd4 Qb6 21. b3 Qxd4+ 22. cxd4 a5 23. bxc4 dxc4 24. Ba4 Re7 25. Nxc4 Ba6 26. Nxa5 Bxf1 27. Nc6 Ra8 28. Nxe7+ Kf8 29. Kxf1 Rxa4 30. Nc6 Rc4 31. Ne5 Rxd4 32. a4 Rd8 33. a5 Ra8 34. a6 Nd5 35. a7 Ke7 36. Nc4 Kd7 37. Ne5+ Ke7 38. Ra4 f6 39. Nc4 Kd7 40. Ra5 Kc6 41. f5 exf5 42. Rxd5 Rxa7 43. Rxf5 Ra4 44. Ne3 Kd6 45. Rd5+ Ke6 46. Rc5 Kd7 47. Rc4 Ra2 48. Rc2 Ra5 49. Kf2 g6 50. Rd2+ Ke8 51. Rd6 Ke7 52. Rb6 h5 53. Kg3 hxg4 54. Nxg4 Rf5 55. Rxf6 Rxf6 56. Nxf6 Kxf6 57. h4 Kg7 58. Kg4 Kh6 59. f4 Kg7 60. Kg5 Kf7 61. Kg4 Kf6 62. Kf3 Kg7 63. Kg3 Kf7 64. Kg4 Kf6 1/2-1/2